|
|
|
|
| LEADER |
00000nas a2200000 a 4500 |
| 001 |
ssj0012407 |
| 003 |
WaSeSS |
| 005 |
20200512172242.0 |
| 006 |
m d |
| 007 |
cr n |
| 008 |
900531d19902009caubr p s 0 a0eng c |
| 010 |
|
|
|a sn 90006108
|
| 016 |
7 |
|
|a 011121631
|2 Uk
|
| 022 |
|
|
|l 1051-3663
|y 1051-3663
|
| 035 |
|
|
|a (WaSeSS)ssj0012407
|
| 037 |
|
|
|b James Publishing, Inc., 3505 Cadillac Ave., Suite H, Costa Mesa, CA 92626
|
| 040 |
|
|
|a ZNH
|b eng
|c ZNH
|d NSD
|d NST
|d DLC
|d IUL
|d UMC
|d FJM
|d DLC
|d OCLCQ
|d MTG
|d IUL
|d UKMGB
|d OCLCQ
|d OCLCF
|d U3G
|d WaSeSS
|
| 042 |
|
|
|a nsdp
|a pcc
|
| 043 |
|
|
|a n-us---
|
| 050 |
0 |
0 |
|a KF320.L4
|b L447
|
| 050 |
|
4 |
|a K12
|b .E285
|
| 082 |
0 |
0 |
|a 340/.023/73
|2 20
|
| 130 |
0 |
|
|a Legal assistant today (Costa Mesa, Calif.)
|
| 210 |
0 |
|
|a Leg. assist. today
|b (1990)
|
| 222 |
|
0 |
|a Legal assistant today
|b (1990)
|
| 245 |
1 |
0 |
|a Legal assistant today
|h [electronic resource].
|
| 246 |
1 |
|
|i At head of title, Sept./Oct. 2002-:
|a LAT
|
| 260 |
|
|
|a Costa Mesa, CA :
|b James Pub.,
|c c1990-
|
| 310 |
|
|
|a Bimonthly
|
| 362 |
0 |
|
|a Vol. 7, no. 5 (May/June 1990)-
|
| 362 |
1 |
|
|a Ceased with v. 26, Issue 6, July/Aug. 2009.
|
| 500 |
|
|
|a Title from cover.
|
| 506 |
|
|
|a License restrictions may limit access.
|
| 588 |
|
|
|a Latest issue consulted: Vol. 26, issue 6 (July/Aug. 2009).
|
| 650 |
|
0 |
|a Legal assistants
|z United States
|v Periodicals.
|
| 650 |
|
7 |
|a Legal assistants.
|2 fast
|0 (OCoLC)fst00995430
|
| 651 |
|
7 |
|a United States.
|2 fast
|0 (OCoLC)fst01204155
|
| 655 |
|
0 |
|a Electronic journals.
|
| 780 |
0 |
0 |
|t Legal professional
|x 1045-6686
|w (DLC) 90649016
|w (OCoLC)20121807
|
| 785 |
0 |
0 |
|t Paralegal today
|x 2152-0836
|w (DLC) 2009207901
|w (OCoLC)466363939
|
| 850 |
|
|
|a DLC
|a IaU-L
|a MiDW-L
|a NcD-L
|
| 853 |
2 |
0 |
|8 1
|a v.
|b issue
|u 6
|v r
|i (year)
|j (month/month)
|w b
|
| 856 |
4 |
0 |
|z Full text available from Research Library: 1990 to 11/30/2000
|u https://search.proquest.com/publication/3641
|
| 863 |
4 |
1 |
|8 1.1
|a 7
|b 5
|i 1990
|j 05
|